Statistics for Capitals of the Countries that Start with B

Click here to take the quiz!

General Stats

  • This quiz has been taken 44 times
    (11 since last reset)
  • The average score is 15 of 17

Answer Stats

Country Capital % Correct
BoliviaLa Paz or Sucre
100%
BulgariaSofia
100%
BrazilBrasília
100%
BelarusMinsk
100%
BelgiumBrussels
100%
Bosnia and HerzegovinaSarajevo
100%
BahamasNassau
89%
BotswanaGaborone
89%
BhutanThimphu
89%
BahrainManama
89%
BelizeBelmopan
89%
BangladeshDhaka
89%
BeninPorto-Novo or Cotonou
78%
BarbadosBridgetown
78%
BruneiBandar Seri Begawan
78%
Burkina FasoOuagadougou
78%
BurundiGitega
56%

Score Distribution

Percentile by Number Answered

Percent of People with Each Score

Your Score History

You have not taken this quiz since the last reset